000 00351 a2200157 4500
001 74286
020 _a
040 _cAnchieta - Colégio São Paulo
100 _aZuninho, Della Lerner de
240 1 0 _aA matemática na escola
_lpor
245 1 0 _aA matemática na escola
300 _a191
362 0 _a1995
650 4 _aEducação
942 _cBK
999 _c74286
_d74286